Visiting the countryside (Record no. 66477)
[ view plain ]
| 000 -LEADER | |
|---|---|
| fixed length control field | 01261cam a2200229 4500 |
| 001 - CONTROL NUMBER | |
| control field | WB3712-41 |
| 008 - FIXED-LENGTH DATA ELEMENTS--GENERAL INFORMATION | |
| fixed length control field | 000000n2001 000 0 eng u |
| 035 ## - SYSTEM CONTROL NUMBER | |
| System control number | (Sirsi) u111555 |
| 245 ## - TITLE STATEMENT | |
| Title | Visiting the countryside |
| 260 ## - PUBLICATION, DISTRIBUTION, ETC. | |
| Date of publication, distribution, etc. | 2001 |
| 490 ## - SERIES STATEMENT | |
| Series statement | DETR News Release |
| Volume/sequential designation | (143) 16 March 2001, (4) |
| 490 ## - SERIES STATEMENT | |
| Series statement | Countryside Agency Press Release |
| Volume/sequential designation | (2001/18) 16 March 2001, (2) |
| 520 ## - SUMMARY, ETC. | |
| Summary, etc. | The DETR and MAFF have published guidance on visiting the countryside during the foot and mouth outbreak on their websites at http://www.wildlife-countryside.detr.gov.uk/ruraltf/index.htm and http://www.maff.gov.uk/animalh/diseases/fmd/country.pdf whilst the Countryside Agency website at http://www.countryside.gov.uk/footandmouth/uk.htm includes maps and information on a county by county basis. Further information is also available on the websites of the National Trust, British Waterways and the Institute of Public Rights of Way Officers at http://nationaltrust.org, http://www.british-waterways.org.uk and http://www.iprow.co.uk and those of local authorities. |
| 590 ## - LOCAL NOTE (RLIN) | |
| Local note | WB |
| 650 ## - SUBJECT ADDED ENTRY--TOPICAL TERM | |
| Topical term or geographic name entry element | COUNTRYSIDE |
| 650 ## - SUBJECT ADDED ENTRY--TOPICAL TERM | |
| Topical term or geographic name entry element | FOOT-AND-MOUTH DISEASE |
| 650 ## - SUBJECT ADDED ENTRY--TOPICAL TERM | |
| Topical term or geographic name entry element | RIGHTS OF WAY |
| 650 ## - SUBJECT ADDED ENTRY--TOPICAL TERM | |
| Topical term or geographic name entry element | RURAL AREAS |
| 650 ## - SUBJECT ADDED ENTRY--TOPICAL TERM | |
| Topical term or geographic name entry element | TOURISM |
| 690 ## - LOCAL SUBJECT ADDED ENTRY--TOPICAL TERM (OCLC, RLIN) | |
| Topical term or geographic name as entry element | Rural |
| 9 (RLIN) | 6268 |
| 942 ## - ADDED ENTRY ELEMENTS (KOHA) | |
| Suppress in OPAC | 0 |
| Withdrawn status | Lost status | Source of classification or shelving scheme | Damaged status | Not for loan | Home library | Current library | Shelving location | Date acquired | Total Checkouts | Full call number | Barcode | Date last seen | Copy number | Price effective from | Koha item type |
|---|---|---|---|---|---|---|---|---|---|---|---|---|---|---|---|
| Dewey Decimal Classification | London | London | News article | 21/03/2001 | WB3712-41 | 111555-1001 | 06/08/2019 | 1 | 06/08/2019 | News article |